Hodnotenie zamestnancov v spoločnosti Termostav - Mráz, s. r .o. diplomová práca

Gespeichert in:
Bibliographische Detailangaben
1. Verfasser: Pangrácová, Lenka
Körperschaft: Podnikovohospodárska fakulta EU so sídlom v Košiciach. Katedra manažmentu
Weitere Verfasser: Mihalčová, Bohuslava, 1963-
Format: Buch
Sprache:Slowakisch
Veröffentlicht: Košice 2011
Tags: Tag hinzufügen
Keine Tags, Fügen Sie das erste Tag hinzu!

MARC

LEADER 00000nbm a2200000 4500
001 0130507
005 20161109101540.9
041 0 |a slo 
044 |a SK 
245 1 0 |a Hodnotenie zamestnancov v spoločnosti Termostav - Mráz, s. r .o.  |b diplomová práca  |c Lenka Pangrácová ; školiteľ: Bohuslava Mihalčová 
264 1 |a Košice  |c 2011 
300 |a 86 s. 
100 1 |a Pangrácová, Lenka 
700 1 |a Mihalčová, Bohuslava, 1963- 
710 2 |a Podnikovohospodárska fakulta EU so sídlom v Košiciach. Katedra manažmentu